| 000 | 00383nam a2200145 a 4500 | ||
|---|---|---|---|
| 001 | 4140 | ||
| 005 | 20140414131922.0 | ||
| 008 | 090218s19uu xx 00 eng d | ||
| 050 |
_aER _bT41 2002 |
||
| 245 |
_aThe Three wishes : _bedited by Bob Williams. |
||
| 260 |
_aMalaysia : _bKohwai & Young, _c2002. |
||
| 440 | _aPopular fairy tales series | ||
| 999 |
_c111781 _d111781 |
||